[Event "DVM U20w 2013"]
[Site "Osnabrück GER"]
[Date "2013.12.29"]
[Round "5"]
[White "Stoll, Katja"]
[Black "Endress, Anna"]
[Result "0-1"]
[Termination "normal"]
[Board "1.1"]
[WhiteElo "1855"]
[BlackElo "2138"]
[WhiteTeam "SC Bechhofen 1923 e.V."]
[BlackTeam "TSV Schott Mainz"]
[WhiteFideId "1271730"]
[BlackFideId "24629472"]
[EventCountry "GER"]
[EventRounds "7"]
[EventType "team-swiss"]
[EventDate "2013.12.26"]

1. e4 c5 2. Nf3 d6 3. d4 cxd4 4. Nxd4 Nf6 5. Nc3 a6 6. g3 e6 7. Bg2 Qc7 8. O-O
Nc6 9. a4 Bd7 10. Be3 Ne5 11. Nb3 Be7 12. h3 Nc4 13. Bc1 Rc8 14. Nd2 b5 15.
axb5 axb5 16. Nxc4 Qxc4 17. Re1 b4 18. Na2 O-O 19. Bf1 Qc5 20. c3 bxc3 21. Nxc3
Qb4 22. Qe2 Ra8 23. Na2 Qb7 24. Bg2 Bb5 25. Qd1 Bc4 26. e5 Nd5 27. exd6 Bxd6
28. Qg4 Bxa2 29. Bh6 f5 30. Qe2 Rfe8 31. Be3 Bb3 32. Bd4 Rxa1 33. Rxa1 Qc8 34.
Ra7 Re7 35. Ra1 Rc7 36. Qd2 h6 37. Kh2 Kh7 38. Qd3 Bc4 39. Qd2 Bb4 40. Qd1 Qd7
41. Be5 Bd6 42. Bd4 e5 43. b3 exd4 44. bxc4 Nb6 45. Bd5 Nxc4 46. Qxd4 Be5 0-1

[Event "DVM U20w 2013"]
[Site "Osnabrück GER"]
[Date "2013.12.29"]
[Round "5"]
[White "Schmalhorst, Sophia"]
[Black "Schäfer, Ann-Kathrin"]
[Result "1-0"]
[Termination "normal"]
[Board "1.2"]
[WhiteElo "1926"]
[BlackElo "1710"]
[WhiteTeam "TSV Schott Mainz"]
[BlackTeam "SC Bechhofen 1923 e.V."]
[WhiteFideId "24682497"]
[BlackFideId "24615412"]
[EventCountry "GER"]
[EventRounds "7"]
[EventType "team-swiss"]
[EventDate "2013.12.26"]

1. e4 e6 2. d4 d5 3. Nd2 Nf6 4. e5 Nfd7 5. f4 c5 6. c3 b5 7. Bxb5 Qb6 8. Qa4
cxd4 9. cxd4 a6 10. Bd3 Nc6 11. Ne2 Bb7 12. a3 a5 13. O-O Be7 14. Nf3 O-O 15.
Qc2 h6 16. Kh1 Rac8 17. Qd1 Rc7 18. f5 exf5 19. Bxf5 Ba6 20. Bd3 Bxd3 21. Qxd3
Qb7 22. Nf4 Nb6 23. e6 Nd8 24. exf7+ Rxf7 25. Ne5 Rf6 26. Qb5 Qa7 27. Bd2 Rf8
28. Bxa5 Rb7 29. Nxd5 Rxf1+ 30. Rxf1 Nxd5 31. Qxd5+ Kh7 32. Bxd8 1-0

[Event "DVM U20w 2013"]
[Site "Osnabrück GER"]
[Date "2013.12.29"]
[Round "5"]
[White "Böse, Carolin"]
[Black "Schwarz, Larissa"]
[Result "0-1"]
[Termination "normal"]
[Board "1.3"]
[WhiteElo "1318"]
[BlackElo "1900"]
[WhiteTeam "SC Bechhofen 1923 e.V."]
[BlackTeam "TSV Schott Mainz"]
[WhiteFideId "12929646"]
[BlackFideId "24699004"]
[EventCountry "GER"]
[EventRounds "7"]
[EventType "team-swiss"]
[EventDate "2013.12.26"]

1. e4 c5 2. Nf3 e6 3. d4 cxd4 4. Nxd4 a6 5. c4 Nf6 6. Nc3 d6 7. Be3 Be7 8. Be2
Qc7 9. Rc1 Nbd7 10. O-O O-O 11. f3 b6 12. b3 Bb7 13. Qd2 Rac8 14. Rfd1 Qb8 15.
Nc2 Bd8 16. Kh1 Bc7 17. Bg1 Rfd8 18. Ne3 Kh8 19. Qe1 Rg8 20. Rc2 g5 21. Qf2 Rg6
22. Nf1 Rh6 23. g3 Rg8 24. Qg2 Ne5 25. Be3 Qa8 26. Rcd2 Rhg6 27. Bf2 g4 28. Ne3
gxf3 29. Bxf3 Nxf3 30. Qxf3 Nxe4 31. Ncd5 Nxf2+ 32. Qxf2 exd5 33. Nxd5 Bxd5+
34. Rxd5 R8g7 35. Kg1 Re6 36. Rf1 Qe8 37. Qd4 Kg8 38. Rdf5 Re2 39. a4 Qe3+ 0-1

[Event "DVM U20w 2013"]
[Site "Osnabrück GER"]
[Date "2013.12.29"]
[Round "5"]
[White "Brandl, Lea Maria"]
[Black "Böse, Christina"]
[Result "1-0"]
[Termination "normal"]
[Board "1.4"]
[WhiteElo "1741"]
[BlackElo "1311"]
[WhiteTeam "TSV Schott Mainz"]
[BlackTeam "SC Bechhofen 1923 e.V."]
[WhiteFideId "24693049"]
[BlackFideId "12929654"]
[EventCountry "GER"]
[EventRounds "7"]
[EventType "team-swiss"]
[EventDate "2013.12.26"]

1. d4 d5 2. c4 e6 3. Nc3 Nf6 4. Bg5 Be7 5. e3 O-O 6. Nf3 b6 7. Rc1 Bb7 8. Bd3
Nbd7 9. O-O dxc4 10. Bxc4 h6 11. Bh4 Rc8 12. Qe2 Rb8 13. e4 c5 14. Bg3 Ra8 15.
Rfd1 Qc8 16. a3 a6 17. Ba2 b5 18. dxc5 Bxc5 19. b4 Bb6 20. Nxb5 Qd8 21. Nd6 Bc8
22. Rc2 Ne8 23. Nxc8 Rxc8 24. Rcd2 Qe7 25. Rxd7 Qf6 26. e5 Qf5 27. Bb1 Qh5 28.
Qxa6 Rb8 29. Rb7 1-0

[Event "DVM U20w 2013"]
[Site "Osnabrück GER"]
[Date "2013.12.29"]
[Round "5"]
[White "Polert, Annika"]
[Black "Nguyen Minh, Thuy"]
[Result "1/2-1/2"]
[Termination "normal"]
[Board "2.1"]
[WhiteElo "1834"]
[BlackElo "1975"]
[WhiteTeam "TuRa Harksheide von 1945 Norderstedt e. V."]
[BlackTeam "Chemnitzer SC Aufbau`95 1"]
[WhiteFideId "24692328"]
[BlackFideId "24672688"]
[EventCountry "GER"]
[EventRounds "7"]
[EventType "team-swiss"]
[EventDate "2013.12.26"]

1. c4 e5 2. Nc3 Nf6 3. g3 Nc6 4. Bg2 Bb4 5. e4 d6 6. Nge2 Bg4 7. h3 Be6 8. d3
h6 9. Be3 a6 10. a3 Bxc3+ 11. bxc3 Qc8 12. f4 exf4 13. Nxf4 Bd7 14. Qe2 O-O 15.
O-O Rb8 16. Kh2 Qe8 17. Nd5 Nxd5 18. cxd5 Ne5 19. Rab1 Qe7 20. d4 Ng6 21. Qd3
b5 22. Rf2 Rbe8 23. Re1 Qd8 24. Bf4 Qb8 25. Rfe2 Qb6 26. e5 dxe5 27. dxe5 Qc5
28. e6 Nxf4 29. exf7+ Kxf7 30. gxf4 Qd6 31. Qg3 Kg8 32. Rxe8 Rxe8 33. Rxe8+
Bxe8 34. Qe3 Bf7 35. Qe5 Qc5 36. f5 Qxa3 37. Qxc7 Qa2 38. Qd8+ Kh7 39. Qd7 Kg8
40. Qd8+ Kh7 41. Qd7 1/2-1/2

[Event "DVM U20w 2013"]
[Site "Osnabrück GER"]
[Date "2013.12.29"]
[Round "5"]
[White "Rosmait, Emily"]
[Black "Kempe, Anne"]
[Result "1-0"]
[Termination "normal"]
[Board "2.3"]
[WhiteElo "1715"]
[BlackElo "1791"]
[WhiteTeam "TuRa Harksheide von 1945 Norderstedt e. V."]
[BlackTeam "Chemnitzer SC Aufbau`95 1"]
[WhiteFideId "12937754"]
[BlackFideId "12918083"]
[EventCountry "GER"]
[EventRounds "7"]
[EventType "team-swiss"]
[EventDate "2013.12.26"]

1. e4 c5 2. Nf3 Nc6 3. Bb5 d6 4. O-O Bd7 5. Re1 e6 6. d4 cxd4 7. Nxd4 Be7 8. c4
Rc8 9. Nc3 Ne5 10. Bxd7+ Qxd7 11. b3 a6 12. Bb2 Bf6 13. Qd2 Qc7 14. Rad1 Ne7
15. Ndb5 axb5 16. Nxb5 Qd8 17. Nxd6+ Kf8 18. Nxc8 Qxd2 19. Rxd2 Nxc8 20. Ba3+
Ke8 21. f4 Nc6 22. Red1 Be7 23. Bxe7 N8xe7 24. b4 f6 25. b5 Kf7 26. bxc6 bxc6
27. Rd8 Rxd8 28. Rxd8 c5 29. Rd7 e5 30. f5 g6 31. fxg6+ hxg6 32. Rc7 f5 33.
Rxc5 Ke6 34. exf5+ gxf5 35. a4 Kd6 36. Rb5 e4 37. a5 f4 38. a6 Nc6 39. Rf5 Kc7
40. Rxf4 e3 41. Re4 e2 42. Rxe2 1-0

[Event "DVM U20w 2013"]
[Site "Osnabrück GER"]
[Date "2013.12.29"]
[Round "5"]
[White "Kaden, Romy"]
[Black "Schramm, Anna-Lena"]
[Result "1-0"]
[Termination "normal"]
[Board "2.4"]
[WhiteElo "1807"]
[BlackElo "1434"]
[WhiteTeam "Chemnitzer SC Aufbau`95 1"]
[BlackTeam "TuRa Harksheide von 1945 Norderstedt e. V."]
[WhiteFideId "12931616"]
[BlackFideId "12918237"]
[EventCountry "GER"]
[EventRounds "7"]
[EventType "team-swiss"]
[EventDate "2013.12.26"]

1. e4 e5 2. Nf3 Nc6 3. d4 exd4 4. Nxd4 Bb4+ 5. c3 Bc5 6. Be3 Bb6 7. Bc4 Nf6 8.
Nd2 O-O 9. O-O d5 10. exd5 Nxd5 11. N2f3 Nxe3 12. fxe3 Bg4 13. Qe1 Nxd4 14.
exd4 Bxf3 15. Rxf3 Bxd4+ 16. Kh1 Bf6 17. Rd1 Qc8 18. Qg3 Kh8 19. Rdf1 Qd8 20.
Bd3 Bh4 21. Qh3 h6 22. Qf5 g6 23. Qe5+ f6 24. Qe4 f5 25. Qc4 Bf6 26. Rd1 Qe7
27. Rff1 Rad8 28. Rfe1 Qf7 29. Qa4 a6 30. Bb1 Rxd1 31. Qxd1 Rd8 32. Qe2 Bh4 33.
Rf1 Qe7 34. Qf3 c6 35. c4 Rd2 36. Qc3+ 1-0

[Event "DVM U20w 2013"]
[Site "Osnabrück GER"]
[Date "2013.12.29"]
[Round "5"]
[White "Hartewig, Anja"]
[Black "Manusina, Nicole"]
[Result "0-1"]
[Termination "normal"]
[Board "3.1"]
[WhiteElo "1819"]
[BlackElo "1827"]
[WhiteTeam "Chemnitzer SC Aufbau`95 2"]
[BlackTeam "SK Lehrte"]
[WhiteFideId "12917966"]
[BlackFideId "24657514"]
[EventCountry "GER"]
[EventRounds "7"]
[EventType "team-swiss"]
[EventDate "2013.12.26"]

1. d4 d5 2. c4 e6 3. Nf3 Be7 4. g3 Nf6 5. Bg2 O-O 6. O-O dxc4 7. Nbd2 c5 8.
Nxc4 Nc6 9. dxc5 Qxd1 10. Rxd1 Bxc5 11. Nfe5 Nxe5 12. Nxe5 h6 13. b3 a5 14. Bb2
Ra6 15. Rac1 b6 16. Nd3 Bd6 17. e4 Bb8 18. e5 Nd5 19. Bxd5 exd5 20. Nf4 Be6 21.
Nxd5 a4 22. Nb4 Ra8 23. bxa4 Rxa4 24. a3 Ra5 25. f4 g5 26. Rc6 gxf4 27. gxf4
Kh7 28. Kf2 Rg8 29. Rc3 Rg4 30. Bc1 b5 31. Nc6 Ba7+ 32. Be3 Bxe3+ 33. Rxe3
Rxf4+ 34. Kg3 Rg4+ 35. Kf2 Raa4 36. Nb4 Ra8 37. Nc6 Rh4 38. Nd4 Rxh2+ 39. Kg1
Ra2 40. Nxb5 Rg8+ 41. Kh1 Rgg2 42. Nd6 Bd7 43. Rc3 Rh2+ 44. Kg1 Bh3 45. Rxh3
Rxh3 46. Nxf7 Rg3+ 47. Kh1 Re3 48. Kg1 Kg6 49. Rf1 Ree2 50. Rf6+ Kg7 51. Nd6
Rxe5 52. Rf3 Re1+ 53. Rf1 Rxf1+ 54. Kxf1 Rxa3 55. Ne4 h5 56. Kg2 Kg6 57. Ng3 h4
58. Nh1 Kg5 59. Nf2 Rg3+ 60. Kh2 Kf4 61. Nh3+ Kg4 62. Nf2+ Kf3 63. Nh1 Rg4 64.
Kh3 Rg2 0-1

[Event "DVM U20w 2013"]
[Site "Osnabrück GER"]
[Date "2013.12.29"]
[Round "5"]
[White "Böhm, Jana"]
[Black "Nitzsche, Pia"]
[Result "1/2-1/2"]
[Termination "normal"]
[Board "3.2"]
[WhiteElo "1705"]
[BlackElo "1683"]
[WhiteTeam "SK Lehrte"]
[BlackTeam "Chemnitzer SC Aufbau`95 2"]
[WhiteFideId "24661589"]
[BlackFideId "12900370"]
[EventCountry "GER"]
[EventRounds "7"]
[EventType "team-swiss"]
[EventDate "2013.12.26"]

1. e4 c5 2. Nf3 Nc6 3. d4 cxd4 4. Nxd4 Nf6 5. Nc3 d6 6. Be3 g6 7. Bc4 Bg7 8.
Bb3 O-O 9. f3 Bd7 10. Qd2 Rc8 11. O-O-O Nxd4 12. Bxd4 b5 13. g4 b4 14. Nd5 Nxd5
15. Bxg7 Kxg7 16. Bxd5 a5 17. h4 Qc7 18. b3 a4 19. h5 axb3 20. Bxb3 Qc3 21.
Qd4+ Qxd4 22. Rxd4 Rc3 23. Rxb4 Rxf3 24. Rg1 Rf4 25. hxg6 hxg6 26. g5 Bc6 27.
a4 Rxe4 28. Rxe4 Bxe4 29. Re1 d5 30. Kd2 Rc8 31. a5 Rc7 32. a6 e6 33. Ra1 Ra7
34. Ke3 Kf8 35. Kd4 Bf3 36. Kc5 Ke7 37. Kb6 Ra8 38. Ba4 Be2 39. Bc6 Rxa6+ 40.
Rxa6 Bxa6 41. Kxa6 f6 42. gxf6+ Kxf6 43. Kb6 Ke5 44. Kc5 g5 45. Bb5 g4 46. c3
g3 47. Bf1 Ke4 48. Kd6 Kf5 1/2-1/2

[Event "DVM U20w 2013"]
[Site "Osnabrück GER"]
[Date "2013.12.29"]
[Round "5"]
[White "Pührer, Anne"]
[Black "Schulze, Lara"]
[Result "1-0"]
[Termination "normal"]
[Board "3.3"]
[WhiteElo "1724"]
[BlackElo "1759"]
[WhiteTeam "Chemnitzer SC Aufbau`95 2"]
[BlackTeam "SK Lehrte"]
[WhiteFideId "24692247"]
[BlackFideId "12956830"]
[EventCountry "GER"]
[EventRounds "7"]
[EventType "team-swiss"]
[EventDate "2013.12.26"]

1. e4 c5 2. Nf3 Nc6 3. d4 cxd4 4. Nxd4 g6 5. c4 Nf6 6. Nc3 Nxd4 7. Qxd4 Bg7 8.
e5 Ng8 9. Qe4 f6 10. Bf4 Qa5 11. exf6 Nxf6 12. Qe3 Ng4 13. Qd2 Be5 14. Bxe5
Qxe5+ 15. Qe2 O-O 16. Qxe5 Nxe5 17. Be2 b6 18. O-O Bb7 19. f4 Nc6 20. Bg4 d6
21. Bf3 Kg7 22. Nd5 Rac8 23. Rae1 e5 24. Bg4 Rcd8 25. Nc7 Nd4 26. fxe5 Rxf1+
27. Kxf1 dxe5 28. Rxe5 h5 29. Bh3 Kf6 30. Re8 Rd6 31. Rb8 Be4 32. Ne8+ Ke7 33.
Nxd6 Kxd6 34. Kf2 Nc6 35. Re8 Bd3 36. Re6+ Kc5 37. b3 Nb4 38. a3 Nc2 39. a4 Kb4
40. Rd6 Kc3 41. Be6 Nd4 42. Bf7 Nxb3 43. Ke3 Bxc4 44. Rc6 Na5 45. Rc7 a6 46.
Bxg6 Kb4 47. Bxh5 Kxa4 48. h4 b5 49. Bd1+ Ka3 50. h5 b4 51. h6 Bg8 52. Rg7 1-0

[Event "DVM U20w 2013"]
[Site "Osnabrück GER"]
[Date "2013.12.29"]
[Round "5"]
[White "Dannenberg, Nicole"]
[Black "Fischer, Franziska"]
[Result "0-1"]
[Termination "normal"]
[Board "3.4"]
[WhiteElo "1161"]
[BlackElo "1530"]
[WhiteTeam "SK Lehrte"]
[BlackTeam "Chemnitzer SC Aufbau`95 2"]
[WhiteFideId "1270508"]
[BlackFideId "12924199"]
[EventCountry "GER"]
[EventRounds "7"]
[EventType "team-swiss"]
[EventDate "2013.12.26"]

1. c4 c6 2. Nc3 d5 3. cxd5 cxd5 4. d4 Nf6 5. Bf4 Bf5 6. e3 e6 7. Bb5+ Nc6 8.
Nf3 a6 9. Bxc6+ bxc6 10. Qa4 Qb6 11. O-O Be7 12. Ne5 Rc8 13. Rfc1 O-O 14. Nd1
c5 15. Nf3 Ne4 16. Be5 f6 17. Bf4 Bg6 18. Nh4 Be8 19. Qc2 g5 20. Nc3 cxd4 21.
exd4 gxf4 22. Nf3 Bg6 23. Qe2 Nxc3 24. Rxc3 Rxc3 25. bxc3 Rc8 26. Qd2 Bd6 27.
Re1 Bf7 28. Rc1 e5 29. h3 Re8 30. Re1 e4 31. Nh2 e3 32. fxe3 fxe3 33. Rxe3 Rxe3
34. Qxe3 Qb1+ 35. Kf2 Bxh2 0-1

[Event "DVM U20w 2013"]
[Site "Osnabrück GER"]
[Date "2013.12.29"]
[Round "5"]
[White "Kühnel, Lena"]
[Black "Schäfer, Annabelle"]
[Result "1/2-1/2"]
[Termination "normal"]
[Board "4.1"]
[WhiteElo "1934"]
[BlackElo "1948"]
[WhiteTeam "Dortmunder Schachverein 1875"]
[BlackTeam "BSV 63 Chemie Weißensee"]
[WhiteFideId "24640956"]
[BlackFideId "12917729"]
[EventCountry "GER"]
[EventRounds "7"]
[EventType "team-swiss"]
[EventDate "2013.12.26"]

1. e4 c5 2. Nf3 Nf6 3. Nc3 Nc6 4. d4 d5 5. exd5 Nxd5 6. Nxd5 Qxd5 7. Be3 cxd4
8. Nxd4 a6 9. Nxc6 Qxc6 10. Qd2 Bg4 11. f3 Rd8 12. Bd3 Bf5 13. O-O e6 14. Rfe1
Bc5 15. Bxc5 Qxc5+ 16. Qe3 Qxe3+ 17. Rxe3 Bxd3 18. cxd3 Ke7 19. Rc1 Rd7 20. Kf2
Rhd8 21. Ke2 Rd5 22. f4 Kd6 23. Rc3 Rb5 24. b3 Ra5 25. a4 Rc5 26. d4 Rxc3 27.
Rxc3 Rd7 28. Kd3 Rc7 29. Rc4 Rc6 30. a5 h5 31. Rb4 Kc7 32. Ke4 Rd6 33. Rc4+ Kd7
34. Rc5 g6 35. d5 1/2-1/2

[Event "DVM U20w 2013"]
[Site "Osnabrück GER"]
[Date "2013.12.29"]
[Round "5"]
[White "Koch, Elisabeth"]
[Black "Friese, Sarah"]
[Result "1-0"]
[Termination "normal"]
[Board "4.2"]
[WhiteElo "1688"]
[BlackElo "1666"]
[WhiteTeam "BSV 63 Chemie Weißensee"]
[BlackTeam "Dortmunder Schachverein 1875"]
[WhiteFideId "24695068"]
[BlackFideId "24691950"]
[EventCountry "GER"]
[EventRounds "7"]
[EventType "team-swiss"]
[EventDate "2013.12.26"]

1. e4 c6 2. d4 d5 3. exd5 cxd5 4. Bd3 Nc6 5. c3 Nf6 6. Ne2 Bg4 7. Bf4 Qb6 8.
Qb3 Qxb3 9. axb3 Bxe2 10. Bxe2 g6 11. O-O Ne4 12. f3 Nf6 13. b4 Nh5 14. Bg5 h6
15. Bh4 Nf4 16. Bb5 a6 17. Re1 Rc8 18. Bf1 Bg7 19. b5 axb5 20. Bxb5 e6 21. Nd2
O-O 22. Ra3 Rfe8 23. Rea1 Bf8 24. R3a2 g5 25. Bg3 Bd6 26. Nb3 Red8 27. Kf1 f6
28. Bf2 e5 29. dxe5 fxe5 30. Bb6 Rf8 31. Bc5 Bxc5 32. Nxc5 Rf7 33. Ra8 Rxa8 34.
Rxa8+ Kh7 35. Bxc6 bxc6 36. Rc8 e4 37. Rxc6 e3 38. g3 Nh3 39. Kg2 g4 40. f4 Nf2
41. Re6 Nd1 42. Nd3 Rb7 43. b4 Kg7 44. Kf1 Rc7 45. Nc5 Nxc3 46. Rxe3 Nd1 47.
Re1 Nc3 48. Ne6+ Kf7 49. Nxc7 1-0

[Event "DVM U20w 2013"]
[Site "Osnabrück GER"]
[Date "2013.12.29"]
[Round "5"]
[White "Hoffmann, Hanna Dorina"]
[Black "Greßmann, Hanna"]
[Result "1/2-1/2"]
[Termination "normal"]
[Board "4.3"]
[WhiteElo "1594"]
[BlackElo "1537"]
[WhiteTeam "Dortmunder Schachverein 1875"]
[BlackTeam "BSV 63 Chemie Weißensee"]
[WhiteFideId "12909858"]
[BlackFideId "12930709"]
[EventCountry "GER"]
[EventRounds "7"]
[EventType "team-swiss"]
[EventDate "2013.12.26"]

1. d4 d5 2. c4 e6 3. Nf3 Be7 4. Nc3 Nf6 5. Bf4 c6 6. e3 O-O 7. Bd3 Nbd7 8. O-O
dxc4 9. Bxc4 b5 10. Bd3 a6 11. Ne5 Bb7 12. Rc1 c5 13. Nxd7 Nxd7 14. Ne4 c4 15.
Bb1 Nb6 16. Qh5 g6 17. Qh3 Nd5 18. Be5 f5 19. Ng3 Bf6 20. Ne2 Rc8 21. Nf4 Bxe5
22. Nxe6 Qe7 23. Nxf8 Bd6 24. Nxg6 hxg6 25. Rfe1 Kg7 26. g3 Rh8 27. Qf1 Qg5 28.
Bc2 Qh5 29. h4 g5 30. Bd1 Qh6 31. Qh3 gxh4 32. gxh4 1/2-1/2

[Event "DVM U20w 2013"]
[Site "Osnabrück GER"]
[Date "2013.12.29"]
[Round "5"]
[White "Kluge, Helene"]
[Black "Finke, Lara"]
[Result "0-1"]
[Termination "normal"]
[Board "4.4"]
[WhiteElo "1018"]
[BlackElo "1664"]
[WhiteTeam "BSV 63 Chemie Weißensee"]
[BlackTeam "Dortmunder Schachverein 1875"]
[WhiteFideId "12983179"]
[BlackFideId "12909874"]
[EventCountry "GER"]
[EventRounds "7"]
[EventType "team-swiss"]
[EventDate "2013.12.26"]

1. e4 e5 2. Nf3 Nc6 3. Bb5 a6 4. Ba4 Nf6 5. d3 b5 6. Bb3 Be7 7. O-O O-O 8. Re1
d6 9. h3 Be6 10. Be3 Na5 11. Nc3 Nxb3 12. axb3 c5 13. Ne2 Nd7 14. Ng3 d5 15.
Bc1 dxe4 16. Nxe4 Qc7 17. Nfg5 Bf5 18. c4 Bg6 19. Nc3 Qb6 20. Nd5 Qd8 21. Ne4
Nb6 22. Nec3 b4 23. Nxb6 Qxb6 24. Nd5 Qd6 25. Kf1 Rfd8 26. Qf3 f6 27. Qg3 Bf7
28. Nxe7+ Qxe7 29. Rd1 Bg6 30. f4 e4 31. Qe1 Qd6 32. g4 exd3 33. Bd2 Qc6 34.
Qe3 Be4 35. Qf2 Re8 36. Re1 Bh1 37. f5 Kf7 38. Kg1 Rxe1+ 39. Rxe1 Be4 40. Qe3
Re8 41. Kf2 Kf8 42. h4 Qd6 43. Qf4 Qc6 44. Qe3 Kf7 45. Qf4 Bh1 46. Rxe8 Qxe8
47. Qe3 Qc6 48. Qg3 Qe4 49. Kg1 Bf3 50. Qc7+ Qe7 51. Qxe7+ Kxe7 52. g5 Bd1 53.
Kf2 Bxb3 54. Ke3 Bxc4 55. Bc1 Kd6 56. Kd2 Ke5 57. b3 Bb5 0-1

[Event "DVM U20w 2013"]
[Site "Osnabrück GER"]
[Date "2013.12.29"]
[Round "5"]
[White "Wilke, Tabea"]
[Black "Bork, Sophie"]
[Result "1-0"]
[Termination "normal"]
[Board "5.1"]
[WhiteElo "1748"]
[BlackElo "1542"]
[WhiteTeam "SC 1979 Hattersheim"]
[BlackTeam "Schachverein Welper 1922 e.V."]
[WhiteFideId "12910015"]
[BlackFideId "12905429"]
[EventCountry "GER"]
[EventRounds "7"]
[EventType "team-swiss"]
[EventDate "2013.12.26"]

1. e4 e5 2. Nf3 Nc6 3. Bc4 Bc5 4. c3 Nf6 5. d3 a6 6. Nbd2 d6 7. Bb3 Ba7 8. O-O
O-O 9. Re1 Ng4 10. Re2 Kh8 11. h3 Nh6 12. Nf1 f5 13. Bxh6 gxh6 14. exf5 Bxf5
15. Ng3 Bxh3 16. Nxe5 Nxe5 17. gxh3 Nf3+ 18. Kh1 Qd7 19. Be6 Qc6 20. Ne4 d5 21.
Nd2 Ng5 22. Bg4 Bxf2 23. d4 Rf4 24. Nf3 Ne4 25. Kg2 Raf8 26. Rxf2 Nxf2 27. Kxf2
Qg6 28. Qe2 Re8 29. Qd2 Qf6 30. Bh5 Qf5 31. Qxf4 Qxf4 32. Bxe8 Qf5 33. Re1 Qxh3
34. Re7 Qf5 35. Rxc7 Qc2+ 36. Kg3 Qxb2 37. a4 Qb3 38. Ne5 Kg8 39. Ng4 Qb6 40.
Rf7 Qd6+ 41. Kh4 1-0

[Event "DVM U20w 2013"]
[Site "Osnabrück GER"]
[Date "2013.12.29"]
[Round "5"]
[White "Venjakob, Alina"]
[Black "Rosmanitz, Anna"]
[Result "0-1"]
[Termination "normal"]
[Board "5.2"]
[WhiteElo "1412"]
[BlackElo "1631"]
[WhiteTeam "Schachverein Welper 1922 e.V."]
[BlackTeam "SC 1979 Hattersheim"]
[WhiteFideId "12964492"]
[BlackFideId "12910058"]
[EventCountry "GER"]
[EventRounds "7"]
[EventType "team-swiss"]
[EventDate "2013.12.26"]

1. d4 d5 2. Nc3 Nf6 3. Bg5 Nbd7 4. Nf3 c6 5. Qd2 h6 6. Bh4 e6 7. O-O-O Qa5 8.
Kb1 Bb4 9. Qd3 b5 10. Nd2 Qb6 11. e3 a5 12. Ne2 Bxd2 13. Qxd2 Ne4 14. Qc1 O-O
15. f3 Nd6 16. Be7 Nc4 17. Bxf8 Kxf8 18. b3 Nd6 19. Qb2 b4 20. Ng3 a4 21. Be2
c5 22. Rd2 c4 23. Rdd1 Nb5 24. Kc1 Nc3 25. Rde1 axb3 0-1

[Event "DVM U20w 2013"]
[Site "Osnabrück GER"]
[Date "2013.12.29"]
[Round "5"]
[White "Neisius, Laura"]
[Black "Marx, Jasmin"]
[Result "1/2-1/2"]
[Termination "normal"]
[Board "5.3"]
[WhiteElo "1315"]
[BlackElo "1250"]
[WhiteTeam "SC 1979 Hattersheim"]
[BlackTeam "Schachverein Welper 1922 e.V."]
[WhiteFideId "12910040"]
[BlackFideId "12929620"]
[EventCountry "GER"]
[EventRounds "7"]
[EventType "team-swiss"]
[EventDate "2013.12.26"]

1. e4 e6 2. d4 d5 3. e5 c5 4. c3 Nc6 5. Nf3 cxd4 6. cxd4 Bb4+ 7. Nc3 Nge7 8.
Bg5 O-O 9. Bd3 a6 10. O-O Qd7 11. Nh4 Ng6 12. Qg4 Be7 13. Nf3 Bxg5 14. Nxg5
Nce7 15. h4 h6 16. Nf3 Nh8 17. Qh5 Neg6 18. Ne2 Qe7 19. g4 Bd7 20. g5 f6 21.
Bxg6 Nxg6 22. Qxg6 fxg5 23. Qh5 Be8 24. Qg4 Qf7 25. Kg2 Bb5 26. Rae1 Bd3 27.
Nc3 Bxf1+ 28. Rxf1 gxh4 29. Nxh4 Qe8 30. f4 Rd8 31. f5 exf5 32. Nxf5 g6 33.
Nxh6+ Kh7 34. Rh1 Kg7 35. Rh5 Rh8 36. Nf5+ Kg8 37. Ne7+ Qxe7 38. Qxg6+ Qg7 39.
Qxg7+ Kxg7 40. Rf5 Rh6 41. b3 Rc6 42. Rf3 b5 43. a3 1/2-1/2

[Event "DVM U20w 2013"]
[Site "Osnabrück GER"]
[Date "2013.12.29"]
[Round "5"]
[White "Schaller, Bettina"]
[Black "Heyd, Julia"]
[Result "1/2-1/2"]
[Termination "normal"]
[Board "5.4"]
[WhiteElo "1262"]
[BlackElo "1060"]
[WhiteTeam "Schachverein Welper 1922 e.V."]
[BlackTeam "SC 1979 Hattersheim"]
[WhiteFideId "12929638"]
[BlackFideId "12927317"]
[EventCountry "GER"]
[EventRounds "7"]
[EventType "team-swiss"]
[EventDate "2013.12.26"]

1. d4 d5 2. c4 e6 3. Nc3 Nf6 4. cxd5 exd5 5. Bg5 c6 6. e3 Bd6 7. Bd3 Nbd7 8.
Nf3 O-O 9. O-O Re8 10. Qc2 Nf8 11. h3 Bd7 12. e4 dxe4 13. Nxe4 Be7 14. Rfe1
Nxe4 15. Bxe7 Qxe7 16. Rxe4 Qd6 17. Rae1 Rxe4 18. Rxe4 Bf5 19. Re3 Bxd3 20.
Qxd3 Ne6 21. Qd2 Rd8 22. b4 h6 23. Rd3 a6 24. a3 Nf4 25. Re3 Nd5 26. Rb3 Nc7
27. Rd3 b6 28. Rc3 Nb5 29. Rd3 c5 30. bxc5 bxc5 31. a4 Nxd4 32. Nxd4 cxd4 33.
g3 g5 34. Kh2 Qd7 35. a5 f6 36. f3 h5 37. f4 gxf4 38. Qxf4 Kg7 39. Qf3 Qd5 40.
Qe2 Qxa5 41. Qe7+ Kg6 42. Kg2 Qd5+ 43. Kf2 a5 1/2-1/2

[Event "DVM U20w 2013"]
[Site "Osnabrück GER"]
[Date "2013.12.29"]
[Round "5"]
[White "Eue, Vicky"]
[Black "Krtschil, Anna"]
[Result "1-0"]
[Termination "normal"]
[Board "6.1"]
[WhiteElo "1646"]
[BlackElo "1445"]
[WhiteTeam "Leegebrucher Schachfreunde"]
[BlackTeam "SG Burgtonna"]
[WhiteFideId "12945838"]
[BlackFideId "4611144"]
[EventCountry "GER"]
[EventRounds "7"]
[EventType "team-swiss"]
[EventDate "2013.12.26"]

1. e4 c5 2. Nf3 Nc6 3. d4 cxd4 4. Nxd4 g6 5. Nc3 Bg7 6. Be3 Nf6 7. Bc4 O-O 8.
Bb3 a6 9. a3 d6 10. f3 Nxd4 11. Bxd4 e5 12. Be3 Be6 13. Nd5 Nxd5 14. Bxd5 Qc7
15. c3 Rac8 16. O-O Rfd8 17. Qb3 Bxd5 18. Qxd5 Qc6 19. Rfd1 Qxd5 20. Rxd5 Rd7
21. Rad1 Rc6 22. g4 Kf8 23. h4 Ke7 24. Kf2 h5 25. gxh5 gxh5 26. Rg1 Bf6 27. Bg5
Rd8 28. Bxf6+ Kxf6 29. Rg5 Rh8 30. Ke3 Ke6 31. f4 f6 32. Rg7 f5 33. Rg6+ Ke7
34. exf5 exf4+ 35. Kxf4 Rc4+ 36. Rd4 Rc6 37. Rg7+ Kf6 38. Rg6+ Ke7 39. Kg5 Kd7
40. Rg7+ Ke8 41. f6 Rf8 42. Rd5 Rc4 43. Re7+ Kd8 44. Rxd6+ Kc8 45. f7 Rc5+ 46.
Kf6 1-0

[Event "DVM U20w 2013"]
[Site "Osnabrück GER"]
[Date "2013.12.29"]
[Round "5"]
[White "Halle, Julia"]
[Black "Reck, Jessica"]
[Result "1/2-1/2"]
[Termination "normal"]
[Board "6.2"]
[WhiteElo "1403"]
[BlackElo "1274"]
[WhiteTeam "SG Burgtonna"]
[BlackTeam "Leegebrucher Schachfreunde"]
[WhiteFideId "24694940"]
[BlackFideId "12917931"]
[EventCountry "GER"]
[EventRounds "7"]
[EventType "team-swiss"]
[EventDate "2013.12.26"]

1. c4 g6 2. Nf3 Bg7 3. g3 Nf6 4. Bg2 c6 5. d3 d5 6. Nbd2 O-O 7. O-O Nbd7 8. Rb1
Qc7 9. b4 e6 10. c5 b6 11. cxb6 axb6 12. a3 Re8 13. Qb3 Bb7 14. Bb2 Bf8 15. Qc3
Rec8 16. g4 Bg7 17. Rfc1 Ne8 18. Qb3 Ne5 19. Nxe5 Bxe5 20. Bxe5 Qxe5 21. Nf3
Qf4 22. h3 Qd6 23. Qc3 Nc7 24. Ng5 Qe7 25. Nf3 Nb5 26. Qd2 Rxa3 27. Ra1 1/2-1/2